| 000 | 01020cam a2200253 4500 | ||
|---|---|---|---|
| 001 | WB3912-01 | ||
| 008 | 030325n2003 000 0 eng u | ||
| 035 | _a(Sirsi) u121728 | ||
| 245 | _a£1.5m to halve building time | ||
| 260 | _c2003 | ||
| 490 |
_aDTI Press Release _v(P/2003/175) 20 March 2003 (3) |
||
| 520 | _aBuilding time could be cut in half for homes and offices under a £1.5m research initiative by government. Two three-year research projects will examine how contactors can improve their IT and building methods to raise construction standards. http://www.gnn.gov.uk/gnn/national.nsf/Daily+News/DD652081E90F201B80256CEF00495F8C?opendocument | ||
| 590 | _aWB | ||
| 650 | _aRESEARCH PROGRAMME | ||
| 650 | _aBUILDING CONTRACTORS | ||
| 650 | _aCONSTRUCTION INDUSTRY | ||
| 650 | _aOFF SITE PRODUCTION | ||
| 650 | _aMANAGEMENT-BUSINESS MANAGEMENT-INFORMATION MANAGEMENT | ||
| 650 | _aBEST PRACTICE | ||
| 650 | _aBUILDING METHODS | ||
| 650 | _aDTI | ||
| 690 | _aBUILT ENVIRONMENT | ||
| 942 | _n0 | ||
| 999 |
_c72344 _d72344 |
||